000 00489nam a22001817a 4500
003 LK-CoDNM
005 20250130134241.0
008 250130b |||||||| |||| 00| 0 eng d
040 _aLK-CoDNM
_dLK-CoDNM
_eLK-CoDNM
041 _aeng
080 _a13
_bQ7
100 _aKeer,J.Graham
245 _aText book of embryology Volume II
260 _aST.Martin's street,London
_bMacmillan and Co.,Limited
_c1919
300 _axii, 591p. : ill ; 22 cm
650 _aAnimals
942 _cBK
999 _c237702
_d237702